| 000 | 00475cam a2200193ua 4500 | ||
|---|---|---|---|
| 001 | 8069 | ||
| 008 | 150108n ii |||gr||||Z||||||hin | ||
| 040 | _cMAIN | ||
| 041 | _ahin | ||
| 082 | _a891.434 | ||
| 100 |
_aSingh, D., _eAuthor. |
||
| 245 | 1 |
_aChayavaduttar prabandh-shilpa _cBy Dinanath SIngh |
|
| 250 | _a1st. | ||
| 260 |
_aVaranasi: _bVijay, _c1989. |
||
| 300 | _a423p. | ||
| 653 | _aEast Indo-European & Celtic literatures | ||
| 653 | _aHindi essays | ||
| 942 | _cBK | ||
| 999 |
_c7185 _d7185 |
||